000 00452pab a2200181 454500
008 180718b2014 xxu||||| |||| 00| 0 eng d
100 _aAnnu
245 _aHealth and development : An interlink in Haryana
260 _c2014
300 _ap.99-104.
362 _aJun
650 _aHealth services - India - Haryana
650 _aHealth services
700 _aLangyan, Bimla
773 _aMan and Development
908 _aN
909 _a105189
999 _c105184
_d105184